000
00261nam a22001097a 4500
082
_a
954 SHE'I
100
_a
SHERWANI, LATIF AHMAD
_9
80240
245
_a
INDIA CHINA AND PAKISTAN
260
_a
KARACHI
_b
COUNCIL FOR PAKISTAN
_c
1967
300
_a
140P
942
_c
BK
999
_c
585191
_d
585191